000 00596cam a2200193 4500
001 000018220
005 20200929165416.0
008 860619m19621990ve 000 0 spa
010 _a63052171
020 _a9802224936 (v. 14)
040 _aDO-SdBNP
_cDLC
_dDLC
050 0 0 _aPQ8549.B32
_bA16 1962
100 2 _aBeltran Guerrero, Luis,
_d1914-
_939097
245 1 0 _aCandideces.
260 _aCaracas, :
_bEditorial Arte,
_c1962-<1990 >.
300 _av. <1-5, 7-11, 13, 14 > ;
_c20 cm.
500 _aVol. <14 > published by: Academia Nacional de la Historia.
910 _aCatalogación derivada
999 _c17741
_d17741